| Поле | Название | Значение |
| |
Тип записи |
a |
| |
Библиографический уровень |
c |
| 001 |
Контрольный номер |
78697af899cb4dc4ab7b2c8e2970e122 |
| 005 |
Дата корректировки |
20260616145346.0 |
| 010 |
Индекс ISBN |
__ |
| a |
ISBN |
978-5-17-109455-3 (в пер.) |
| d |
Цена |
273-90, 2000 экз. |
| 100 |
Данные общей обработки |
__ |
| a |
Данные общей обработки |
19191127d2018||||||| 0rusy0189 ca |
| 101 |
Язык документа |
0_ |
| a |
Язык текста |
rus |
| 102 |
Страна публикации |
__ |
| a |
Страна публикации |
RU| |
| 102 |
Страна публикации |
__ |
| a |
Страна публикации |
RU |
| 105 |
Кодированные данные (монография) |
__ |
| a |
Кодированные данные (монография) |
#|||||||000zy |
| 200 |
Заглавие и сведения об ответственности |
1_ |
| a |
Заглавие |
Портулан |
| e |
Сведения, относящиеся к заглавию |
[история меломана, способного превратить фантасмагорию в реальность] : повести |
| f |
Первые сведения об ответственности |
Илья Бояшов |
| b |
Общее обозначение материала |
Текст |
| 210 |
Выходные данные |
1_ |
| a |
Место издания |
Москва |
| c |
Издательство |
АСТ |
| c |
Издательство |
Редакция Елены Шубиной |
| d |
Дата издания |
2018 |
| 215 |
Физическое описание |
__ |
| a |
Объем |
317, [2] с. |
| d |
Формат |
21 см |
| 225 |
Серия |
2_ |
| a |
Серия |
Классное чтение |
| 327 |
Примечание о содержании |
0_ |
| a |
Примечание о содержании |
Каменная баба |
| 330 |
Аннотация |
__ |
| a |
Аннотация |
Прозаик Илья Бояшов (р. 1961), лауреат "Национального бестселлера", нашел уникальную литературную форму для своих коротких романов-притч "Путь Мури", "Конунг", "Танкист, или "Белый тигр"", "Эдем", "Джаз", "Каменная баба", "Армада"… Каждый текст - история одного необычного человека, реальность вокруг которого превращается в фантасмагорию. Герой новой повести "Портулан" одержим музыкой. Она ведет его из барачной нищеты во дворец на Рублевке, который нужен ему только как хранилище огромного количества пластинок и для реализации невероятного замысла - прослушать их все одновременно… |
| 333 |
Примечание о целевом назначении |
__ |
| a |
Примечание о целевом назначении |
16+. Для детей старше 16 лет |
| 606 |
Тематические рубрики |
__ |
| a |
Основная рубрика |
Художественная литература |
| 606 |
Тематические рубрики |
__ |
| a |
Основная рубрика |
Современная русская литература (произведения) |
| 610 |
Ключевые слова |
0_ |
| a |
Ключевые слова |
тема смысла жизни |
| 610 |
Ключевые слова |
0_ |
| a |
Ключевые слова |
интеллектуальная проза |
| 610 |
Ключевые слова |
0_ |
| a |
Ключевые слова |
современная проза |
| 610 |
Ключевые слова |
0_ |
| a |
Ключевые слова |
повести |
| 610 |
Ключевые слова |
0_ |
| a |
Ключевые слова |
проза |
| 610 |
Ключевые слова |
0_ |
| a |
Ключевые слова |
тема людей |
| 610 |
Ключевые слова |
0_ |
| a |
Ключевые слова |
тема жизни |
| 610 |
Ключевые слова |
0_ |
| a |
Ключевые слова |
тема друзей |
| 610 |
Ключевые слова |
0_ |
| a |
Ключевые слова |
тема мечты |
| 686 |
Индексы других классификаций |
__ |
| 2 |
Код системы |
rubbks |
| a |
Классификационный индекс |
84(2=411.2)6-4; ст84(2=411.2)6-4 |
| 700 |
Автор |
_1 |
| a |
Фамилия |
Бояшов |
| b |
Имя |
И. В. |
| f |
Даты |
1961- |
| g |
Полное личное имя |
Илья Владимирович |
| 4 |
Код отношения |
070 |
| 801 |
Источник записи |
_0 |
| a |
Страна |
RU |
| b |
Организация |
Муниципальное бюджетное учреждение культуры "Централизованная библиотечная система" г. Сургут (Центральная городская библиотека им. А. С. Пушкина) |
| c |
Дата составления |
20191127 |
| g |
Правила каталогизации |
PSBO |
| 801 |
Источник записи |
_1 |
| a |
Страна |
RU |
| b |
Организация |
Муниципальное бюджетное учреждение культуры "Централизованная библиотечная система" г. Сургут (Центральная городская библиотека им. А. С. Пушкина) |
| c |
Дата составления |
20191127 |
| g |
Правила каталогизации |
PSBO |
| 852 |
Данные о местонахождении |
__ |
| j |
Шифр хранения |
84(2=411.2)6-4 |
| i |
Авторский знак |
Б 86 |
| 901 |
Тип документа |
__ |
| t |
Тип документа |
x |
| a |
Ответственный |
ООФиК/Волкова |
| 903 |
Характеристики (МАРС) |
__ |
| a |
Дата передачи |
20191127 |
| 990 |
Данные о заказе (DOS) |
__ |
| j |
Количество экземпляров (DOS) |
5 |
| t |
N записи в КСУ для И/У (DOS) |
201911 |
| 996 |
Контроль за деятельностью лиц, находящихся под иностранным влиянием |
__ |
| b |
Текстовое указание |
Содержит информацию о наркотических или психотропных веществах, употребление которых опасно для здоровья. Их незаконный оборот влечет уголовную ответственность (18+) |